000 00301 a2200121 4500
000 nam a22 7a 4500
005 20260423143919.0
020 _a9783111277332
100 _aGhanshyam Sharma
_91235535
245 _aTrends in South Asian Linguistics
260 _bDe Gruyter
_c2023
942 _cTEXL
999 _c1848433
_d1848433